000
00294nam a22001217a 4500
008
180118b xxu||||| |||| 00| 0 eng d
041
_a
eng
080
_a
316
100
_a
50
101
_a
SOC
245
_a
People, power, and policy a new view on population
_c
Hernandez,J
942
_2
udc
_c
BK
999
_c
40484
_d
40484